[Event "Berkeley International"]
[Site "Berkeley"]
[Date "2011.01.03"]
[Round "3"]
[White "Hills, Kenneth"]
[Black "Santic, Berislav"]
[Result "1/2-1/2"]
[WhiteElo "2161"]
[BlackElo "2259"]
[PlyCount "52"]
[EventDate "2011.01.02"]
[EventRounds "10"]
[EventCountry "USA"]
[SourceDate "2011.01.03"]

1. d4 d6 2. c4 e5 3. Nf3 e4 4. Nfd2 f5 5. e3 Nf6 6. Nc3 Be7 7. Be2 O-O 8. f3
exf3 9. Nxf3 c6 10. O-O Ne4 11. Bd2 Nd7 12. Bd3 Ndf6 13. Qc2 Nxd2 14. Qxd2 d5
15. Ne5 g6 16. cxd5 cxd5 17. Bc2 Be6 18. Bb3 Rc8 19. Rac1 Qa5 20. e4 Kg7 21.
exf5 Bxf5 22. Rxf5 gxf5 23. Qg5+ Kh8 24. Qh6 Kg8 25. Qg5+ Kh8 26. Qh6 Kg8
1/2-1/2

[Event "Berkeley International"]
[Site "Berkeley"]
[Date "2011.01.03"]
[Round "3"]
[White "Kraai, Jesse"]
[Black "Uesugi, Shinsaku"]
[Result "1-0"]
[WhiteElo "2516"]
[BlackElo "2331"]
[PlyCount "77"]
[EventDate "2011.01.02"]
[EventRounds "10"]
[EventCountry "USA"]
[SourceDate "2011.01.03"]

1. c4 Nf6 2. Nc3 d5 3. cxd5 Nxd5 4. g3 g6 5. Bg2 Nb6 6. d3 Bg7 7. Be3 O-O 8.
Qd2 Nc6 9. Nf3 e5 10. Bh6 Nd4 11. Bxg7 Nxf3+ 12. Bxf3 Kxg7 13. O-O Nc4 14. Qc2
Nd6 15. b4 c6 16. a4 Bh3 17. Rfc1 Rc8 18. Qb2 Nf5 19. b5 Nd4 20. Bh1 Be6 21.
Rab1 f6 22. bxc6 bxc6 23. Qa3 Rb8 24. Rxb8 Qxb8 25. Rb1 Qd8 26. e3 Nf5 27. Ne4
Bf7 28. Bf3 Qc7 29. Nxf6 Ba2 30. Qxa2 Rxf6 31. Bg2 Kh6 32. a5 Qd8 33. Be4 c5
34. Qd5 Qxd5 35. Bxd5 Rd6 36. Be4 Ra6 37. Rb5 c4 38. Bxf5 c3 39. Be4 1-0

[Event "Berkeley International"]
[Site "Berkeley"]
[Date "2011.01.03"]
[Round "3"]
[White "Kuljasevic, Davorin"]
[Black "Rensch, Daniel"]
[Result "1-0"]
[WhiteElo "2545"]
[BlackElo "2393"]
[PlyCount "81"]
[EventDate "2011.01.02"]
[EventRounds "10"]
[EventCountry "USA"]
[SourceDate "2011.01.03"]

1. d4 Nf6 2. c4 e6 3. Nc3 Bb4 4. e3 O-O 5. Nge2 d5 6. a3 Be7 7. cxd5 exd5 8. g3
Bg4 9. Bg2 Qd7 10. h3 Bf5 11. g4 Be4 12. f3 Bg6 13. h4 h6 14. Nf4 Bd6 15. O-O
Nc6 16. Nxg6 fxg6 17. g5 Nh5 18. f4 Ne7 19. Nxd5 Nf5 20. Qg4 c6 21. Nc3 Qe7 22.
Ne4 Rae8 23. Bd2 Kh7 24. Rae1 Qxe4 25. Bxe4 Rxe4 26. Rf3 Rfe8 27. Kf2 a6 28.
Rh3 Bc7 29. Rc1 R4e7 30. Qf3 Nd6 31. Kg1 Ne4 32. Be1 Rf7 33. Qd1 Rf5 34. Qb3
Nd6 35. a4 Rd5 36. Bf2 Rf5 37. Rc5 Re7 38. Re5 Rff7 39. Rf3 Rd7 40. Re6 Bd8 41.
Rxd6 1-0

[Event "Berkeley International"]
[Site "Berkeley"]
[Date "2011.01.03"]
[Round "3"]
[White "Liou, Yian"]
[Black "Troff, Kayden"]
[Result "1-0"]
[WhiteElo "2285"]
[BlackElo "2247"]
[PlyCount "117"]
[EventDate "2011.01.02"]
[EventRounds "10"]
[EventCountry "USA"]
[SourceDate "2011.01.03"]

1. e4 c5 2. Nf3 d6 3. d4 cxd4 4. Nxd4 Nf6 5. Nc3 a6 6. Bd3 e6 7. O-O Be7 8. Bd2
b5 9. Qe2 O-O 10. a4 b4 11. Na2 a5 12. c3 d5 13. e5 Nfd7 14. cxb4 axb4 15. Nxb4
Qc7 16. Rfe1 Nc5 17. Bc2 Bd7 18. b3 Qb7 19. Nd3 Rc8 20. Rec1 Ne4 21. Bd1 Na6
22. Be3 Nb4 23. Nxb4 Bxb4 24. Bc2 Bc3 25. Rab1 Qb4 26. Rd1 g6 27. Bxe4 dxe4 28.
Nc2 Qb7 29. Bd4 Bxd4 30. Nxd4 Rc5 31. f4 exf3 32. Nxf3 Bc6 33. Rf1 Bxf3 34.
Qxf3 Qxf3 35. Rxf3 Rxe5 36. b4 Rxa4 37. b5 Rc5 38. b6 Ra8 39. b7 Rb8 40. Ra3
Rd5 41. Rc3 Rdd8 42. Rc7 Kg7 43. Kf2 g5 44. Ke3 Kg6 45. Rb6 f6 46. Rxe6 Rd1 47.
Ree7 Rb1 48. g4 Re1+ 49. Kf3 Rxe7 50. Rxe7 h5 51. gxh5+ Kxh5 52. Rc7 f5 53. Rd7
Re8 54. Rd6 g4+ 55. Kf4 Re4+ 56. Kxf5 Rb4 57. Rd7 Rb5+ 58. Ke6 Kg5 59. Rd5+ 1-0

[Event "Berkeley International"]
[Site "Berkeley"]
[Date "2011.01.03"]
[Round "3"]
[White "Manvelyan, Hayk"]
[Black "Ravichandran, Siddharth"]
[Result "0-1"]
[WhiteElo "2158"]
[BlackElo "2458"]
[PlyCount "130"]
[EventDate "2011.01.02"]
[EventRounds "10"]
[EventCountry "USA"]
[SourceDate "2011.01.03"]

1. e4 c5 2. Nc3 e6 3. d3 d5 4. g3 dxe4 5. Nxe4 Be7 6. Bg2 Nf6 7. Ne2 Nc6 8. O-O
O-O 9. Be3 Qb6 10. Nxf6+ Bxf6 11. Rb1 Nd4 12. Nc3 Nf5 13. Ne4 Be7 14. Bd2 Bd7
15. Bc3 Bc6 16. Qd2 Qc7 17. f4 b6 18. Rbe1 Rad8 19. b3 Qb7 20. Qf2 b5 21. a4
bxa4 22. bxa4 c4 23. dxc4 Qa6 24. Qe2 Nd4 25. Bxd4 Rxd4 26. c5 Qxa4 27. Ra1
Rxe4 28. Rxa4 Rxe2 29. Bxc6 Bxc5+ 30. Kh1 Rxc2 31. Be4 Rd2 32. Rc4 Bb6 33. Rc2
Rfd8 34. Rfc1 g6 35. Rxd2 Rxd2 36. Rc2 Rd1+ 37. Kg2 Kg7 38. Kf3 a5 39. Ra2 Rf1+
40. Kg2 Re1 41. Bc6 Rc1 42. Bb5 Kf6 43. Kf3 h6 44. Rb2 Bc5 45. Rd2 Rb1 46. Bc6
Rb6 47. Ba4 Rb4 48. Ra2 Rc4 49. Bb5 Rc3+ 50. Kg2 Bb4 51. Ba4 Ke7 52. Kf2 g5 53.
Rd2 Bd6 54. fxg5 hxg5 55. Rb2 Bb4 56. Rd2 Ra3 57. Rd7+ Kf6 58. Bb5 Ra2+ 59. Be2
a4 60. h4 gxh4 61. gxh4 a3 62. h5 Bc5+ 63. Kf3 Rxe2 64. Kxe2 a2 65. Rd1 Bd4 0-1

[Event "Berkeley International"]
[Site "Berkeley"]
[Date "2011.01.03"]
[Round "3"]
[White "Milman, Lev"]
[Black "Erenburg, Sergey"]
[Result "0-1"]
[WhiteElo "2467"]
[BlackElo "2600"]
[PlyCount "98"]
[EventDate "2011.01.02"]
[EventRounds "10"]
[EventCountry "USA"]
[SourceDate "2011.01.03"]

1. d4 d5 2. c4 c6 3. Nf3 Nf6 4. Nc3 e6 5. Bg5 h6 6. Bxf6 Qxf6 7. e3 Nd7 8. Bd3
dxc4 9. Bxc4 g6 10. O-O Bg7 11. e4 O-O 12. e5 Qe7 13. Re1 Rd8 14. Rc1 b6 15.
Qe2 Rb8 16. Ba6 c5 17. d5 Bxa6 18. Qxa6 exd5 19. Nxd5 Qe6 20. Nc7 Qc6 21. Nb5
Re8 22. Nd6 Re7 23. Nc4 Qc7 24. h3 Re6 25. b4 b5 26. Qa5 Qxa5 27. Nxa5 c4 28.
Nd4 Rxe5 29. Ndc6 Rxe1+ 30. Rxe1 Ra8 31. Re7 Nb6 32. Kf1 a6 33. g3 Bb2 34. Nb7
Nd5 35. Rd7 c3 36. Rxd5 c2 37. Rc5 c1=Q+ 38. Rxc1 Bxc1 39. Nc5 Bg5 40. Ke2 Bf6
41. h4 Kg7 42. Kd3 Rc8 43. Na5 Rd8+ 44. Ke2 Bc3 45. Nd3 Bd4 46. Nb3 h5 47. Nd2
Bb6 48. Nb3 Kf6 49. Nd2 Ke6 0-1

[Event "Berkeley International"]
[Site "Berkeley"]
[Date "2011.01.03"]
[Round "3"]
[White "Panchanathan, Magesh"]
[Black "Collins, Sam"]
[Result "1/2-1/2"]
[WhiteElo "2537"]
[BlackElo "2436"]
[PlyCount "125"]
[EventDate "2011.01.02"]
[EventRounds "10"]
[EventCountry "USA"]
[SourceDate "2011.01.03"]

1. e4 e5 2. Nf3 Nc6 3. Bb5 a6 4. Ba4 Nf6 5. O-O Be7 6. Re1 b5 7. Bb3 d6 8. c3
O-O 9. d4 Bg4 10. Be3 exd4 11. cxd4 Na5 12. Bc2 Nc4 13. Bc1 c5 14. b3 Nb6 15.
Be3 Rc8 16. Nbd2 Bh5 17. h3 Re8 18. Rc1 Bf8 19. Bb1 h6 20. Bf4 cxd4 21. g4 Rxc1
22. Qxc1 Bg6 23. Nxd4 Qa8 24. Nf5 Bxf5 25. gxf5 Nbd7 26. Qb2 Ne5 27. Be3 Ned7
28. Bd4 Nh5 29. Qc3 Qd8 30. Nf3 Nf4 31. Kh2 Ne5 32. Qe3 Nh5 33. Qe2 Nf4 34. Qe3
Nh5 35. Qe2 Nf4 36. Qd1 Qf6 37. Be3 g5 38. Rg1 Kh7 39. Ne1 Rd8 40. Ng2 d5 41.
Nxf4 gxf4 42. Bd4 f3 43. Kh1 Bd6 44. Qxf3 Nxf3 45. Bxf6 Nxg1 46. Bxd8 Nxh3 47.
exd5 Kg7 48. f6+ Kf8 49. Bb6 Nf4 50. Be4 Ne2 51. Bf3 Nc3 52. a3 Nb1 53. b4 Nxa3
54. Bc5 Nc4 55. Bg4 Ke8 56. Kg2 Kd8 57. Bh5 Ke8 58. Kf1 Nd2+ 59. Ke2 Ne4 60.
Bxd6 Nxd6 61. Kd3 Kd7 62. Kd4 Kc7 63. Bg4 1/2-1/2

[Event "Berkeley International"]
[Site "Berkeley"]
[Date "2011.01.03"]
[Round "3"]
[White "Sandberg, Evan"]
[Black "Pruess, David"]
[Result "0-1"]
[WhiteElo "2173"]
[BlackElo "2377"]
[PlyCount "76"]
[EventDate "2011.01.02"]
[EventRounds "10"]
[EventCountry "USA"]
[SourceDate "2011.01.03"]

1. e4 c5 2. Nf3 d6 3. d4 cxd4 4. Nxd4 Nf6 5. Nc3 a6 6. Bg5 e6 7. f4 b5 8. e5
dxe5 9. fxe5 Qc7 10. exf6 Qe5+ 11. Qe2 Qxg5 12. Ne4 Qe5 13. O-O-O Bb7 14. Nc3
gxf6 15. Qd3 Nc6 16. Nxc6 Bxc6 17. Be2 Ke7 18. Kb1 Bg7 19. Qh3 Rad8 20. Bf3
Bxf3 21. Qxf3 f5 22. Qb7+ Kf6 23. Qb6 Rxd1+ 24. Rxd1 Kg6 25. a3 Rb8 26. Qd6 a5
27. Qxe5 Bxe5 28. Ne2 h5 29. g3 h4 30. Rd3 Kg5 31. Re3 Bf6 32. Nf4 Rd8 33. Kc1
Kg4 34. Rb3 hxg3 35. hxg3 Bg5 36. Kb1 Bxf4 37. gxf4 Rd1+ 38. Ka2 Rd5 0-1

[Event "Berkeley International"]
[Site "Berkeley"]
[Date "2011.01.03"]
[Round "3"]
[White "Van Wely, Loek"]
[Black "Sipos, Istvan"]
[Result "1-0"]
[WhiteElo "2676"]
[BlackElo "2409"]
[PlyCount "65"]
[EventDate "2011.01.02"]
[EventRounds "10"]
[EventCountry "USA"]
[SourceDate "2011.01.03"]

1. d4 d5 2. c4 c6 3. Nf3 Nf6 4. e3 Bf5 5. Nc3 e6 6. Nh4 Bg6 7. Be2 Nbd7 8. g3
Bd6 9. O-O Ne4 10. Qb3 Qc7 11. Kg2 Nxc3 12. Qxc3 Nf6 13. c5 Be7 14. Nxg6 Ne4
15. Qe1 hxg6 16. f3 Nf6 17. Qc3 g5 18. b4 Nd7 19. e4 a5 20. a3 f5 21. exf5 exf5
22. b5 Kf7 23. Rb1 Bf6 24. Bd3 g6 25. Be3 Nf8 26. Rf2 Ne6 27. Rfb2 Rab8 28. Bc2
Rhe8 29. Bf2 Kg8 30. Ba4 cxb5 31. Rxb5 Nxd4 32. Rb6 Bg7 33. Bxe8 1-0

[Event "Berkeley International"]
[Site "Berkeley"]
[Date "2011.01.03"]
[Round "3"]
[White "Yankovsky, Roman"]
[Black "Kleinman, Michael"]
[Result "1-0"]
[WhiteElo "2359"]
[BlackElo "2127"]
[PlyCount "141"]
[EventDate "2011.01.02"]
[EventRounds "10"]
[EventCountry "USA"]
[SourceDate "2011.01.03"]

1. e4 c5 2. Nf3 d6 3. d4 cxd4 4. Nxd4 Nf6 5. Nc3 g6 6. Be3 Bg7 7. f3 Nc6 8. Qd2
O-O 9. Bc4 Bd7 10. O-O-O Rc8 11. Bb3 Ne5 12. h4 h5 13. Bg5 Rc5 14. g4 hxg4 15.
f4 Nc4 16. Qe2 Na5 17. e5 Nxb3+ 18. Nxb3 Rxc3 19. bxc3 Bc6 20. Rhf1 Ne4 21.
Qxg4 f6 22. h5 Qc8 23. Qxc8 Rxc8 24. exf6 exf6 25. Bh4 gxh5 26. Be1 Bd7 27. f5
Bh6+ 28. Kb2 Bg5 29. Nd4 Kf7 30. Rh1 Rh8 31. Rd3 d5 32. Rdh3 Nd6 33. Rxh5 Rxh5
34. Rxh5 Nxf5 35. Bf2 Ng7 36. Rh8 Ne8 37. Nf3 b6 38. Rh7+ Ng7 39. Nxg5+ Kg6 40.
Bd4 Be8 41. Kb3 Bd7 42. c4 dxc4+ 43. Kxc4 Bf5 44. Kc3 b5 45. Rxg7+ Kxg7 46. Nf3
a5 47. Nd2 Kf7 48. Nb3 a4 49. Na1 Be6 50. a3 Bc4 51. Kd2 Ke6 52. c3 f5 53. Ke3
Kd5 54. Nc2 Bb3 55. Ne1 Bd1 56. Nd3 Bg4 57. Bb6 Bd1 58. Ba5 Bg4 59. Kf4 Bh3 60.
Nf2 Bf1 61. Kxf5 Be2 62. Bb4 Bf1 63. Kf6 Be2 64. Ke7 Kc6 65. Ne4 Bf1 66. Ng5
Bd3 67. Ne6 Bf1 68. Nd4+ Kd5 69. Kd7 Bh3+ 70. Kc7 Kc4 71. Kc6 1-0

[Event "Berkeley International"]
[Site "Berkeley"]
[Date "2011.01.03"]
[Round "3"]
[White "Zepeda, Lorena"]
[Black "Dixon, Dakota"]
[Result "1/2-1/2"]
[WhiteElo "2202"]
[BlackElo "2063"]
[PlyCount "76"]
[EventDate "2011.01.02"]
[EventRounds "10"]
[EventCountry "USA"]
[SourceDate "2011.01.03"]

1. e4 c5 2. Nf3 Nc6 3. d4 cxd4 4. Nxd4 Nf6 5. Nc3 d6 6. Bc4 Qb6 7. Nde2 e6 8.
O-O Be7 9. Be3 Qc7 10. Ng3 a6 11. Qe2 O-O 12. f4 b5 13. Bd3 Nb4 14. Rae1 Rd8
15. Kh1 Bb7 16. f5 e5 17. Bg5 d5 18. exd5 Nbxd5 19. Nxd5 Bxd5 20. Bxf6 Bxf6 21.
Nh5 Qc6 22. Qg4 Kh8 23. a3 Re8 24. c3 e4 25. Bb1 Bc4 26. Rf4 Bd3 27. Ba2 Ra7
28. Ng3 Rae7 29. Re3 Qc5 30. Re1 Qc6 31. Nh5 Qb6 32. Nxf6 Qxf6 33. Qh5 e3 34.
Qf3 Be4 35. Qg4 Bc6 36. Qe2 Be4 37. Qg4 Bc6 38. Qe2 Be4 1/2-1/2

[Event "Berkeley International"]
[Site "Berkeley"]
[Date "2011.01.03"]
[Round "4"]
[White "Bachmann, Axel"]
[Black "Yanayt, Eugene"]
[Result "1-0"]
[WhiteElo "2548"]
[BlackElo "2218"]
[PlyCount "61"]
[EventDate "2011.01.02"]
[EventRounds "10"]
[EventCountry "USA"]
[SourceDate "2011.01.03"]

1. e4 c5 2. Nc3 d6 3. Nf3 Nf6 4. d4 cxd4 5. Nxd4 a6 6. h3 e5 7. Nde2 Be6 8. g4
d5 9. exd5 Nxd5 10. Bg2 Nxc3 11. Qxd8+ Kxd8 12. Nxc3 Kc8 13. Bd5 Bxd5 14. Nxd5
Nd7 15. Be3 b6 16. O-O-O Kb7 17. Rd3 Bc5 18. Rhd1 Rhe8 19. Nc7 Bxe3+ 20. fxe3
Nc5 21. Nxe8 Nxd3+ 22. Rxd3 Rxe8 23. Rd7+ Kc6 24. Rxf7 Re6 25. Rxg7 Rh6 26. Rg5
Rxh3 27. Rxe5 Kd6 28. Rh5 Rxe3 29. Rxh7 Rg3 30. Rg7 Kc5 31. b3 1-0

[Event "Berkeley International"]
[Site "Berkeley"]
[Date "2011.01.03"]
[Round "4"]
[White "Coleman, Teddy"]
[Black "Gutman, Joshua"]
[Result "1-0"]
[WhiteElo "2282"]
[BlackElo "2124"]
[PlyCount "35"]
[EventDate "2011.01.02"]
[EventRounds "10"]
[EventCountry "USA"]
[SourceDate "2011.01.03"]

1. d4 d5 2. c4 c6 3. Nc3 dxc4 4. e3 b5 5. a4 b4 6. Na2 e6 7. Bxc4 Nf6 8. Nf3
Bb7 9. O-O Nbd7 10. Qe2 c5 11. Bd2 Qc7 12. a5 Rb8 13. Rfc1 b3 14. Nc3 Bxf3 15.
Qxf3 cxd4 16. Nb5 Qd8 17. Nxa7 Qc7 18. Nc6 1-0

[Event "Berkeley International"]
[Site "Berkeley"]
[Date "2011.01.03"]
[Round "4"]
[White "Collins, Sam"]
[Black "Gareev, Timur"]
[Result "1/2-1/2"]
[WhiteElo "2436"]
[BlackElo "2605"]
[PlyCount "109"]
[EventDate "2011.01.02"]
[EventRounds "10"]
[EventCountry "USA"]
[SourceDate "2011.01.03"]

1. c4 e6 2. g3 d5 3. d4 Bb4+ 4. Bd2 a5 5. Qc2 dxc4 6. Qxc4 Qd5 7. Qxd5 exd5 8.
a3 Be7 9. Nc3 c6 10. Rc1 Nf6 11. Nf3 Nbd7 12. a4 Nb6 13. b3 Bf5 14. Nh4 Be6 15.
f3 O-O 16. e3 Ne8 17. Ng2 Nc7 18. Nf4 Nd7 19. Bd3 Ba3 20. Ra1 Bd6 21. Rc1 Na6
22. Na2 Nc7 23. Nc3 Ba3 24. Ra1 Be7 25. Rc1 g5 26. Nxe6 fxe6 27. O-O e5 28.
dxe5 Nxe5 29. Be2 Bb4 30. Nb1 Bd6 31. Kg2 Ne6 32. f4 gxf4 33. gxf4 Nd7 34. Rg1
Nf6 35. Bc3 Kf7 36. f5 Rg8+ 37. Kh1 Ng5 38. Nd2 Bb4 39. Bxb4 axb4 40. Bf3 Rae8
41. Rg3 Re5 42. a5 Nge4 43. Bxe4 Rxg3 44. hxg3 Nxe4 45. Nxe4 Rxe4 46. a6 bxa6
47. Rxc6 Rxe3 48. Kg2 Rxb3 49. Rxa6 d4 50. g4 Re3 51. Ra4 Kf6 52. Rxb4 Ke5 53.
f6 Re4 54. Kg3 Kxf6 55. Kf3 1/2-1/2

[Event "Berkeley International"]
[Site "Berkeley"]
[Date "2011.01.03"]
[Round "4"]
[White "Dixon, Dakota"]
[Black "Lee, Andy C"]
[Result "1/2-1/2"]
[WhiteElo "2063"]
[BlackElo "2271"]
[PlyCount "152"]
[EventDate "2011.01.02"]
[EventRounds "10"]
[EventCountry "USA"]
[SourceDate "2011.01.03"]

1. d4 Nf6 2. Nf3 g6 3. Bg5 Bg7 4. Nbd2 O-O 5. e3 d6 6. Be2 Nbd7 7. O-O e5 8.
Ne4 Qe8 9. Nxf6+ Nxf6 10. dxe5 dxe5 11. Bxf6 Bxf6 12. e4 Be6 13. Bd3 Qe7 14.
Qe2 Qc5 15. Nd2 Rfd8 16. Nb3 Qe7 17. Bc4 Bd7 18. Rfd1 a5 19. a4 b6 20. Nd2 Be8
21. b3 Qb4 22. Nf1 Qc3 23. Ne3 c6 24. Qe1 Qxe1+ 25. Rxe1 h5 26. Red1 Kf8 27.
Rxd8 Bxd8 28. Kf1 Be7 29. Bd3 Bc5 30. Ke2 Bd4 31. Ra2 Rb8 32. Kd2 Ke7 33. c3
Bc5 34. Ke2 f6 35. Bc4 Bd7 36. f3 f5 37. exf5 gxf5 38. h3 f4 39. Nc2 b5 40.
axb5 cxb5 41. Bd5 a4 42. Nb4 Rb6 43. Nd3 Bd6 44. bxa4 bxa4 45. c4 Bc7 46. c5
Rg6 47. Kf1 Ra6 48. Nb4 Ra5 49. Bc6 Rxc5 50. Nd5+ Kd6 51. Bxd7 Rxd5 52. Bxa4
Rd4 53. Ke2 Rb4 54. Bc2 Bb6 55. Ra4 Rb2 56. Kd3 Rb5 57. Ke2 Ba5 58. Ra3 Ke6 59.
Bb3+ Kf6 60. Kd3 Rc5 61. Bc4 Kg5 62. Rb3 Rc8 63. Rb5 Bc7 64. Rc5 Rd8+ 65. Rd5
Ra8 66. Rd7 Ra3+ 67. Ke4 Re3+ 68. Kd5 Ba5 69. Rg7+ Kf6 70. Rg8 Be1 71. Rf8+ Ke7
72. Rh8 h4 73. Rh6 Bf2 74. Re6+ Kf8 75. Rxe5 Rxe5+ 76. Kxe5 Bg3 1/2-1/2

[Event "Berkeley International"]
[Site "Berkeley"]
[Date "2011.01.03"]
[Round "4"]
[White "Erenburg, Sergey"]
[Black "Friedel, Joshua E"]
[Result "1/2-1/2"]
[WhiteElo "2600"]
[BlackElo "2508"]
[PlyCount "100"]
[EventDate "2011.01.02"]
[EventRounds "10"]
[EventCountry "USA"]
[SourceDate "2011.01.03"]

1. e4 e5 2. Nf3 Nc6 3. Bc4 Nf6 4. d3 Be7 5. O-O O-O 6. Re1 d6 7. a4 Na5 8. Ba2
c5 9. c3 Nc6 10. Na3 h6 11. Nc2 Be6 12. b4 Qd7 13. b5 Na5 14. Ne3 a6 15. Bxe6
fxe6 16. Rb1 axb5 17. axb5 b6 18. Bd2 Rfc8 19. c4 Ra7 20. Bc3 Nb7 21. Nd2 Nd8
22. g3 Nf7 23. f4 exf4 24. gxf4 Ra3 25. Rb3 Rxb3 26. Nxb3 Ra8 27. Qe2 Ra3 28.
Qb2 Ra7 29. f5 Ng5 30. Rf1 e5 31. Kg2 Qe8 32. Qe2 Ra3 33. Rb1 Qa8 34. Nc2 Ra2
35. Ra1 d5 36. cxd5 Nxd5 37. Bxe5 Bf6 38. Rxa2 Qxa2 39. exd5 Qxb3 40. Bxf6
Qxd5+ 41. Kg3 gxf6 42. Qe8+ Kg7 43. Qg6+ Kf8 44. Qxf6+ Nf7 45. Ne3 Qxd3 46. Qe6
Qxb5 47. Nd5 Qd3+ 48. Kh4 Qd4+ 49. Kh5 Qd1+ 50. Kh4 Qd4+ 1/2-1/2

[Event "Berkeley International"]
[Site "Berkeley"]
[Date "2011.01.03"]
[Round "4"]
[White "Haessel, Dale R"]
[Black "Gaffagan, Steven"]
[Result "1-0"]
[WhiteElo "2198"]
[BlackElo "1995"]
[PlyCount "107"]
[EventDate "2011.01.02"]
[EventRounds "10"]
[EventCountry "USA"]
[SourceDate "2011.01.03"]

1. d4 d5 2. Nf3 Nc6 3. c4 Bg4 4. e3 e6 5. Nc3 Nf6 6. Qb3 Bxf3 7. gxf3 Bb4 8. a3
Bxc3+ 9. bxc3 O-O 10. Qxb7 Na5 11. Qa6 Nxc4 12. Bxc4 dxc4 13. Qxc4 Nd7 14. a4
Qf6 15. Qxc7 Qxf3 16. Rg1 Rfd8 17. Qg3 Qxg3 18. hxg3 Rdc8 19. Kd2 Rc4 20. Kd3
Rac8 21. Bd2 f5 22. Rgb1 R4c7 23. Ra3 Nb6 24. Rb5 Nc4 25. Rab3 Nd6 26. Rb8 Rxb8
27. Rxb8+ Kf7 28. f3 g5 29. e4 h6 30. e5 Nc4 31. Rb4 Nxd2 32. Kxd2 Ke7 33. Kd3
h5 34. c4 Kd7 35. Rb8 h4 36. gxh4 gxh4 37. Rh8 Kc6 38. Rxh4 Rg7 39. Rh6 Kd7 40.
d5 Rg3 41. Rh7+ Kd8 42. Ke3 Rg1 43. Rxa7 Rd1 44. dxe6 Re1+ 45. Kf4 Rc1 46. Kxf5
Rxc4 47. a5 Rc3 48. f4 Rc4 49. a6 Ra4 50. Rd7+ Kc8 51. a7 Rxf4+ 52. Kg6 Rf6+
53. Kg7 Rxe6 54. a8=Q+ 1-0

[Event "Berkeley International"]
[Site "Berkeley"]
[Date "2011.01.03"]
[Round "4"]
[White "Helfst, Matt"]
[Black "Carreto Nieto, Giovanni"]
[Result "0-1"]
[WhiteElo "1929"]
[BlackElo "2231"]
[PlyCount "32"]
[EventDate "2011.01.02"]
[EventRounds "10"]
[EventCountry "USA"]
[SourceDate "2011.01.03"]

1. d4 Nf6 2. Nf3 c5 3. e3 e6 4. Bd3 b6 5. O-O Bb7 6. b3 Qc7 7. Bb2 Nc6 8. c4
Be7 9. dxc5 Bxc5 10. Nc3 a6 11. Rc1 h5 12. Qd2 h4 13. h3 Ne5 14. Nxe5 Qxe5 15.
Na4 Qg5 16. f4 Bxe3+ 0-1

[Event "Berkeley International"]
[Site "Berkeley"]
[Date "2011.01.03"]
[Round "4"]
[White "Holt, Conrad"]
[Black "Milman, Lev"]
[Result "1-0"]
[WhiteElo "2388"]
[BlackElo "2467"]
[PlyCount "57"]
[EventDate "2011.01.02"]
[EventRounds "10"]
[EventCountry "USA"]
[SourceDate "2011.01.03"]

1. d4 Nf6 2. c4 e6 3. Nc3 Bb4 4. Qc2 O-O 5. e4 d5 6. e5 Ne4 7. Bd3 c5 8. Nf3
cxd4 9. Nxd4 Nd7 10. Bf4 Qh4 11. g3 Qh3 12. O-O-O Nxc3 13. bxc3 Ba3+ 14. Kb1
Nb6 15. Bf1 Qh5 16. Be2 Qh3 17. Nf3 Qf5 18. Bd3 Qh5 19. Ng5 h6 20. h4 Bd7 21.
Bh7+ Kh8 22. Bg8 g6 23. Nxf7+ Kg7 24. g4 Qxg4 25. Rdg1 Qf5 26. Qxf5 exf5 27.
Rxg6+ Kxg6 28. h5+ Kg7 29. Rg1# 1-0

[Event "Berkeley International"]
[Site "Berkeley"]
[Date "2011.01.03"]
[Round "4"]
[White "Kavutskiy, Konstantin"]
[Black "Sipos, Istvan"]
[Result "0-1"]
[WhiteElo "2170"]
[BlackElo "2409"]
[PlyCount "70"]
[EventDate "2011.01.02"]
[EventRounds "10"]
[EventCountry "USA"]
[SourceDate "2011.01.03"]

1. d4 Nf6 2. c4 c5 3. d5 e6 4. Nc3 exd5 5. cxd5 d6 6. Nf3 g6 7. h3 Bg7 8. e4 a6
9. a4 Nbd7 10. Bd3 Nh5 11. Bg5 Bf6 12. Be3 Ne5 13. Be2 Nxf3+ 14. Bxf3 Ng7 15.
O-O O-O 16. Qd2 Bd7 17. Be2 Re8 18. f3 Nf5 19. Bf4 Nd4 20. Bxd6 Nb3 21. Qf4
Nxa1 22. Rxa1 Bd4+ 23. Kh1 Qb6 24. Nd1 Qb4 25. Qg3 Bxa4 26. Bf4 Bxd1 27. Rxd1
Qxb2 28. Rd2 Qc3 29. Rd3 Qb4 30. Rd1 a5 31. Bg5 a4 32. d6 a3 33. d7 a2 34. Bd2
Qa4 35. dxe8=Q+ Rxe8 0-1

[Event "Berkeley International"]
[Site "Berkeley"]
[Date "2011.01.03"]
[Round "4"]
[White "Kleinman, Michael"]
[Black "Gupta, Ankit"]
[Result "1/2-1/2"]
[WhiteElo "2127"]
[BlackElo "2258"]
[PlyCount "91"]
[EventDate "2011.01.02"]
[EventRounds "10"]
[EventCountry "USA"]
[SourceDate "2011.01.03"]

1. e4 c5 2. Nf3 d6 3. d4 cxd4 4. Qxd4 Nc6 5. Bb5 Bd7 6. Qd3 g6 7. O-O Bg7 8. c4
Nf6 9. h3 a6 10. Bxc6 Bxc6 11. Nc3 O-O 12. Be3 a5 13. Bd4 Nd7 14. Bxg7 Kxg7 15.
Rac1 f5 16. exf5 Bxf3 17. Qxf3 Rxf5 18. Qe3 Ne5 19. Rfd1 Qf8 20. b3 Qf7 21. Nd5
g5 22. Rc2 Rf8 23. Rdd2 Qe6 24. Qb6 g4 25. hxg4 Nxg4 26. Qd4+ Ne5 27. f4 Qh6
28. g3 Kh8 29. Rh2 Qg7 30. Kg2 Ng4 31. Qxg7+ Kxg7 32. Rh4 h5 33. Re2 e5 34. Ne7
R5f7 35. Rxh5 exf4 36. gxf4 Rxf4 37. Rxa5 Ne5 38. Re3 Rf2+ 39. Kg3 Rf1 40. Kg2
R8f2+ 41. Kh3 Rh1+ 42. Kg3 Rfh2 43. Nf5+ Kf6 44. Nxd6 Rh3+ 45. Kg2 R1h2+ 46.
Kg1 1/2-1/2

[Event "Berkeley International"]
[Site "Berkeley"]
[Date "2011.01.03"]
[Round "4"]
[White "Naroditsky, Daniel"]
[Black "Kiewra, Keaton F"]
[Result "1/2-1/2"]
[WhiteElo "2419"]
[BlackElo "2337"]
[PlyCount "81"]
[EventDate "2011.01.02"]
[EventRounds "10"]
[EventCountry "USA"]
[SourceDate "2011.01.03"]

1. e4 c5 2. Nf3 e6 3. d4 cxd4 4. Nxd4 Nf6 5. Nc3 d6 6. Be2 Be7 7. O-O Nc6 8.
Be3 O-O 9. f4 a6 10. a4 Qc7 11. Kh1 Nxd4 12. Qxd4 e5 13. Qd2 exf4 14. Bxf4 Be6
15. Rad1 Rfd8 16. Bg5 Ne8 17. Be3 Nf6 18. Nd5 Bxd5 19. exd5 Nd7 20. a5 Bf6 21.
c4 Re8 22. b4 Re7 23. Bf4 Rae8 24. Bd3 Be5 25. Bg5 Bf6 26. c5 Bxg5 27. Qxg5 Ne5
28. Bc2 Rd8 29. Qh4 g6 30. Rf6 dxc5 31. d6 Red7 32. Re1 Rxd6 33. Rxd6 Rxd6 34.
Rxe5 cxb4 35. Bb3 Rf6 36. Re1 Qc3 37. Qg3 Rf5 38. Rd1 Rxa5 39. Bxf7+ Kxf7 40.
Qh4 Ra1 41. Qxh7+ 1/2-1/2

[Event "Berkeley International"]
[Site "Berkeley"]
[Date "2011.01.03"]
[Round "4"]
[White "Pamatmat, Jarod John Munda"]
[Black "Lobo, Richard"]
[Result "0-1"]
[WhiteElo "2100"]
[BlackElo "2262"]
[PlyCount "108"]
[EventDate "2011.01.02"]
[EventRounds "10"]
[EventCountry "USA"]
[SourceDate "2011.01.03"]

1. d4 Nf6 2. c4 e6 3. Nf3 b6 4. g3 Ba6 5. Qb3 Nc6 6. Nbd2 Na5 7. Qc3 c5 8. dxc5
bxc5 9. e4 d6 10. Bg2 Bb7 11. Qc2 Be7 12. O-O O-O 13. b3 Qc7 14. Bb2 Nc6 15.
Rfe1 Nd7 16. Rad1 Rfd8 17. Nf1 a5 18. Re2 a4 19. h4 h6 20. Ne1 Bf6 21. Bxf6
Nxf6 22. Qb2 Nd4 23. Re3 Ng4 24. Red3 Qa5 25. Nf3 a3 26. Qd2 Nxf3+ 27. Rxf3
Bxe4 28. Qf4 Bxf3 29. Bxf3 Ne5 30. Bxa8 Qxa8 31. Nh2 f5 32. h5 Qe4 33. Qd2 Nc6
34. Re1 Qd4 35. Qe2 Re8 36. Rd1 Qe5 37. Qd2 Nd4 38. Re1 Qf6 39. Qa5 Rf8 40. Rd1
Qf7 41. Qxa3 Qxh5 42. Rd2 f4 43. gxf4 Qg6+ 44. Kf1 Qb1+ 45. Kg2 Qe4+ 46. f3
Qxf4 47. Rf2 Rf6 48. Qa8+ Kh7 49. Qe4+ Rg6+ 50. Kh1 Qg3 51. Ng4 Qh3+ 52. Kg1 h5
53. Rg2 Nxf3+ 54. Kf2 hxg4 0-1